All XTC Songs - Statistics

General Stats
  • This quiz has been taken 169 times
    22 since last reset
  • The average score is 116 of 201
Answer Stats
White Music % Correct
Dear God
100%
Making Plans For Nigel
100%
Generals And Majors
94%
Grass
94%
Love On A Farmboy's Wages
94%
Respectable Street
94%
Senses Working Overtime
94%
Garden Of Earthly Delights
88%
King For A Day
88%
Melt The Guns
88%
No Thugs In Our House
88%
Pink Thing
88%
Poor Skeleton Steps Out
88%
Sgt. Rock (Is Going To Help Me)
88%
That's Really Super, Supergirl
88%
The Mayor Of Simpleton
88%
The Meeting Place
88%
Ball And Chain
81%
Complicated Game
81%
Earn Enough For Us
81%
Easter Theatre
81%
English Roundabout
81%
Green Man
81%
Greenman
81%
Helicopter
81%
Here Comes President Kill Again
81%
It's Nearly Africa
81%
Jason And The Argonauts
81%
Life Begins At The Hop
81%
Limelight
81%
Runaways
81%
Scissor Man
81%
Summer's Cauldron
81%
Ten Feet Tall
81%
The Ballad Of Peter Pumpkinhead
81%
When You're Near Me I Have Difficulty
81%
1000 Umbrellas
75%
Another Satellite
75%
Ballet For A Rainy Day
75%
Big Day
75%
Books Are Burning
75%
Dying
75%
Fly On The Wall
75%
Living Through Another Cuba
75%
Love At First Sight
75%
Mermaid Smiled
75%
Miniature Sun
75%
My Bird Performs
75%
No Language In Our Lungs
75%
Outside World
75%
Roads Girdle The Globe
75%
Sacrificial Bonfire
75%
Science Friction
75%
Snowman
75%
Statue Of Liberty
75%
The Man Who Sailed Around His Soul
75%
Then She Appeared
75%
Yacht Dance
75%
All Of A Sudden (It's Too Late)
69%
Bungalow
69%
Chalkhills And Children
69%
Crocodile
69%
Dear Madam Barnum
69%
Down In The Cockpit
69%
Fruit Nut
69%
Leisure
69%
Radios In Motion
69%
Real By Reel
69%
River Of Orchids
69%
Rocket From A Bottle
69%
Rook
69%
Seagulls Screaming Kiss Her Kiss Her
69%
Season Cycle
69%
That Wave
69%
The Smartest Monkeys
69%
The Ugly Underneath
69%
This Is Pop
69%
Towers Of London
69%
Wrapped In Grey
69%
Across This Antheap
63%
Cynical Days
63%
Day In Day Out
63%
Holly Up On Poppy
63%
Knuckle Down
63%
Ladybird
63%
Meccanik Dancing (Oh We Go!)
63%
Merely A Man
63%
Millions
63%
Omnibus
63%
Playground
63%
Scarecrow People
63%
Stupidly Happy
63%
That Is The Way
63%
The Disappointed
63%
The Loving
63%
This World Over
63%
Travels In Nihilon
63%
Wonderland
63%
All Along The Watchtower
56%
Are You Receiving Me?
56%
Burning With Optimism's Flame
56%
Don't Lose Your Temper
56%
Frivolous Tonight
56%
Great Fire
56%
Humble Daisy
56%
I'd Like That
56%
I'm Bugged
56%
I'm The Man Who Murdered Love
56%
Knights In Shining Karma
56%
Neon Shuffle
56%
Paper And Iron (Notes And Coins)
56%
Shake You Donkey Up
56%
She's So Square
56%
Smokeless Zone
56%
The Last Balloon
56%
Wake Up
56%
Your Dictionary
56%
All You Pretty Girls
50%
Battery Brides (Andy Paints Brian)
50%
Beatown
50%
Chain Of Command
50%
Church Of Women
50%
Cross Wires
50%
Do What You Do
50%
Funk Pop A Roll
50%
Harvest Festival
50%
Heatwave
50%
Hold Me My Daddy
50%
I Bought Myself A Liarbird
50%
I Can't Own Her
50%
I'll Set Myself On Fire
50%
I Remember The Sun
50%
Jump
50%
My Brown Guitar
50%
My Weapon
50%
One Of The Millions
50%
Red
50%
The Wheel And The Maypole
50%
Train Running Low On Soul Coal
50%
War Dance
50%
Wounded Horse
50%
You And The Clouds Will Still Be Beautiful
50%
You're The Wish You Are I Had
50%
Beating Of Hearts
44%
Boarded Up
44%
Dance Band
44%
Frost Circus (No. 5 In The Homo Safari Series)
44%
Human Alchemy
44%
In Another Life
44%
Instant Tunes
44%
Me And The Wind
44%
New Town Animal In A Furnished Cage
44%
Procession Towards Learning Land (No. 6 In The Homo Safari Series)
44%
Reign Of Blows
44%
Spinning Top
44%
Super-Tuff
44%
The Everyday Story Of Smalltown
44%
Toys
44%
Wait Till Your Boat Goes Down
44%
We're All Light
44%
Blue Overall
38%
Bushman President
38%
Buzzcity Talking
38%
Crowded Room
38%
Deliver Us From The Elements
38%
Desert Island
38%
Egyptian Solution (Thebes In A Box)
38%
Gold
38%
Hang On To The Night
38%
Homo Safari
38%
In Loving Memory Of A Name
38%
Into The Atom Age
38%
Jumping In Gomorrah
38%
Life Is Good In The Greenhouse
38%
Mantis On Parole - Homo Safari Series No. 4
38%
Red Brick Dream
38%
Standing In For Joe
38%
The Rhythm
38%
The Somnambulist
38%
Washaway
38%
I Am The Audience
31%
Punch And Judy
31%
Extrovert
25%
Take This Town
25%
The World Is Full Of Angry Young Men
25%
Blame The Weather
19%
Heaven Is Paved With Broken Glass
19%
Officer Blue
19%
Pulsing Pulsing
19%
Strange Tales, Strange Tails
19%
Tissue Tigers (The Arguers)
19%
Happy Families
13%
Looking For Footprints
13%
Over Rusty Water
13%
A Dictionary Of Modern Marriage
6%
Beat The Bible
6%
Clap Clap Clap
6%
Dance With Me, Germany
6%
History Of Rock N' Roll
6%
We Kill The Beast
6%
No matching quizzes found
Score Distribution
Percent of People with Each Score
Percentile by Number Answered
Your Score History
You have not taken this quiz since the last reset